LDR 00682naa#a2200169#i#450# 001 EN\\bibl\120947 005 20260501133252.5 011 ## _a2782-5256 100 ## _a20251225b2025####ek#y0engy0150####ca 102 ## _aRU 200 1# _aThe legal basis of international cooperation between States in the field of countering extremist crimes and the spread of extremist ideology _eJournal article 210 1# _aMoscow _cMoscow University of the Ministry of Internal Affairs of Russia named after V.Ya. Kikot _d2025 215 ## _a6 с. 608 ## _aJournal article _2local 675 ## _aПраво. Юридические науки. 34 _z 700 #1 _aVladimirov _gDenis Mihaylovich 856 4# _amosumvd.editorum.ru _u